Brain anatomy quiz 2 - Statistics

General Stats
  • This quiz has been taken 49 times
  • The average score is 2 of 12
Answer Stats
Picture Answer % Correct
Motor cortex
60%
Premotor cortex
48%
Wernickes area
40%
Broca area
24%
Primary visual cortex
16%
Orbitofrontal cortex
8%
Primary somatosensory cortex
8%
Superior temporal gyrus
4%
Inferior frontal gyrus
0%
Nonprimary motor cortex
0%
Posterior parietal cortex
0%
Prefrontal gyrus
0%
No matching quizzes found
Score Distribution
Percent of People with Each Score
Percentile by Number Answered
Your Score History
You have not taken this quiz